[Event "Summer Prague Open 2024 - A"]
[Site "Olympik hotel, Sokolovska 138, Praha"]
[Date "2024.08.09"]
[Round "9"]
[Board "12"]
[White "Golenia, Jan"]
[Black "Kuhn, Ulf"]
[Result "1/2-1/2"]
[WhiteElo "2188"]
[BlackElo "2082"]
[PlyCount "0"]
[EventDate "2024.08.02"]
[EventRounds "9"]
[EventCountry "CZE"]

1. d4 Nf6 2. c4 e6 3. g3 c5 4. d5 exd5 5. cxd5 d6 6. Nc3 a6 7. a4 g6 8. Bg2 Bg7 9.
Nf3 O-O 10. O-O Re8 11. Bf4 h6 12. Re1 g5 13. Bc1 Bf5 14. h4 g4 15. Nd2 Nbd7 16.
Nc4 Nb6 17. Ne3 Bg6 18. a5 Nc8 19. Qa4 b5 20. axb6 Nxb6 21. Qf4 Qd7 22. Bd2 h5 23.
Ra2 Kh7 24. Nc4 Nxc4 25. Qxc4 Reb8 26. Rxa6 Rxa6 27. Qxa6 Rxb2 28. Bf4 Rb3 29. Rc1
Rxc3 30. Rxc3 Nxd5 31. Rc1 Nxf4 32. gxf4 Qe7 33. Rd1 Qxh4 34. Qxd6 g3 35. Qxc5 Qxf4
36. fxg3 Qxg3 37. Qf2 Qb3 38. Rd5 Bh6 39. Qf3 Qb1+ 40. Kh2 Qb8+ 41. Kg1 Qb1+ 42.
Kh2 Qb8+  1/2-1/2

[Event "Summer Prague Open 2024 - A"]
[Site "Olympik hotel, Sokolovska 138, Praha"]
[Date "2024.08.09"]
[Round "9"]
[Board "13"]
[White "Czaeczine, Anne"]
[Black "Eedle, Eric F"]
[Result "1-0"]
[WhiteElo "2172"]
[BlackElo "1819"]
[PlyCount "0"]
[EventDate "2024.08.02"]
[EventRounds "9"]
[EventCountry "CZE"]

1. e4 c5 2. Nf3 Nc6 3. d4 cxd4 4. Nxd4 Nf6 5. Nc3 e5 6. Ndb5 d6 7. Bg5 a6 8. Na3
b5 9. Nd5 Be7 10. Bxf6 Bxf6 11. c4 b4 12. Nc2 O-O 13. g3 a5 14. Bg2 Be6 15. O-O Bg5
16. f4 exf4 17. gxf4 Bh6 18. Qh5 Rc8 19. b3 Bxd5 20. Qxd5 Qh4 21. Qf5 Ne7 22. Qh3
Qf6 23. f5 Nc6 24. Rad1 Rfd8 25. Rd5 Qb2 26. Rf2 Qxa2 27. f6 Qb1+ 28. Bf1 Ne5 29.
Rxd6 Ng6 30. Qf5 Rxd6 31. Qxc8+ Nf8 32. e5 Re6 33. fxg7 Bxg7 34. Qb7 Rg6+ 35. Kh1
Qxb3 36. Qxf7+ Kh8 37. Qe8 Kg8 38. e6 Rxe6 39. Rxf8+ Bxf8 40. Qxe6+ Kg7 41. Qg4+
Kh8 42. Qd4+ Kg8 43. Qd5+ Kg7 44. Nd4 Qb1 45. Qe5+ Kg8 46. Qe6+ Kh8 47. Qf6+ Kg8
48. Qf3 a4 49. Ne6 Bh6 50. Qg2+ Kf7 51. Nd8+ Ke8 52. Qg8+ Kd7 53. Qd5+ Ke8 54. Kg2
Qc2+ 55. Kh3 Qd2 56. Nc6 Qxd5 57. cxd5 b3 58. Bc4 Kd7 59. Ne5+ Kc7 60. Kg4 Bg7 61.
Kf5 Kd6 62. Nd3 b2 63. Ba2 b1=Q 64. Bxb1 Kxd5 65. Nf4+ Kc4 66. Kg4 h6 67. h3 Kb3
68. Be4 a3 69. Bd5+ Kb2 70. Nd3+ Kc3 71. Nc1 Kb2 72. Na2 Bd4 73. h4 Be3 74. h5 Bd2
75. Kf3 Kc2 76. Ke4 Ba5 77. Kd4 Bd2 78. Kc4 Be1 79. Kb5 Bd2 80. Ka4 Kb2 81. Bf7 Bg5
82. Nb4 Be7 83. Na2 Bg5 84. Kb5 Bd2 85. Kc5 Ba5 86. Kd4 Bd2 87. Kd3 Ba5 88. Ke2 Kb1
89. Kd1 Kb2 90. Nc1 Bd8 91. Nd3+ Kb1 92. Bb3 Be7 93. Bc2+ Ka1 94. Ke2 Bg5 95. Kf3
Bd2 96. Ke4 Bg5 97. Kd5 Bd2 98. Kc4 Bg5 99. Kb3 Be7 100. Ne5 Bf6 101. Nc4 Be7 102.
Bf5 Bf8 103. Kc2 Bb4 104. Be6 Ka2 105. Nd2+ Ka1 106. Nb3+ Ka2 107. Nc1+ Ka1 108.
Kb3 Be7 109. Na2 Kb1 110. Bf5+ Ka1 111. Nc3 Bf8 112. Nd5 Bc5 113. Bd3 Bd6 114. Ne3
Be7 115. Nc2+ Kb1 116. Nxa3+ Kc1 117. Nc4 Kd1 118. Kc3 Bf6+ 119. Kb4 Ke1 120. Kc5
Kf2 121. Nd6 Kf3 122. Nf7 Bg7 123. Kd5 Kg4 124. Bg6 Kh4 125. Ke6 Kg4 126. Nd6 Bb2
127. Kf7 Kh4 128. Kg8 Kg5 129. Nf7+ Kf6 130. Nxh6 Bc1 131. Nf7 Bd2 132. Nd6 Bc1 133.
Ne4+ Ke6 134. Kg7 Be3 135. h6 Bxh6+ 136. Kxh6 Ke5 137. Kg5 Ke6 138. Kf4 Kd5 139.
Bf7+ Kd4 140. Nf2 Kc5 141. Ke5 Kb5 142. Nd3 Kb6 143. Kd6 Kb5 144. Be6 Kb6 145. Bd7
Ka5 146. Kc5 Ka6 147. Bc6 Ka5 148. Ne5 Ka6 149. Nc4 Ka7 150. Nd6 Ka6 151. Nb5 Ka5
152. Bd5 Ka4 153. Be6 Ka5 154. Bb3 Ka6 155. Nd6 Ka5 156. Nb7+ Ka6 157. Kc6 Ka7 158.
Kc7 Ka6 159. Bc4+ Ka7 160. Nd6 Ka8 161. Bd3 Ka7 162. Nc8+ Ka8 163. Be4#  1-0

[Event "Summer Prague Open 2024 - A"]
[Site "Olympik hotel, Sokolovska 138, Praha"]
[Date "2024.08.09"]
[Round "9"]
[Board "14"]
[White "Zhakan, Erasyl"]
[Black "Soural, Jan"]
[Result "1/2-1/2"]
[WhiteElo "1962"]
[BlackElo "2130"]
[PlyCount "0"]
[EventDate "2024.08.02"]
[EventRounds "9"]
[EventCountry "CZE"]

1. Nf3 c5 2. c4 Nf6 3. b3 b6 4. Bb2 Bb7 5. e3 e6 6. Be2 Be7 7. O-O O-O 8. d3 d6 9.
Nbd2 Nbd7 10. Qc2 Qc7 11. Rfd1 Rac8 12. Rac1 Qb8 13. Nf1 Rfd8 14. Ng3 Qa8 15. Qb1
d5 16. cxd5 Nxd5 17. a3 Bf6 18. Rc4 b5 19. Rc2 Bxb2 20. Qxb2 b4 21. Ne4 N7f6 22.
Nxf6+ gxf6 23. Rc4 Nc3 24. Rc1 Nxe2+ 25. Qxe2 Bxf3 26. gxf3 bxa3 27. Ra1 Qd5 28.
Rxa3 Qxd3 29. Qxd3 Rxd3 30. Rxa7 Rxb3 31. Ra5 Rb2 32. Raxc5 Rxc5 33. Rxc5 Kg7 34.
Kg2 Kg6 35. Kg3 Rb1 36. f4 Rg1+ 37. Kf3 f5 38. Rc2 Kf6  1/2-1/2

[Event "Summer Prague Open 2024 - A"]
[Site "Olympik hotel, Sokolovska 138, Praha"]
[Date "2024.08.09"]
[Round "9"]
[Board "15"]
[White "Walek, Petr"]
[Black "Zerafa, Robert"]
[Result "1/2-1/2"]
[WhiteElo "2283"]
[BlackElo "2068"]
[PlyCount "0"]
[EventDate "2024.08.02"]
[EventRounds "9"]
[EventCountry "CZE"]

1. e4 c5 2. Nf3 e6 3. d4 cxd4 4. Nxd4 Nf6 5. Nc3 Nc6 6. Ndb5 Bc5 7. Bf4 O-O 8. Bc7
Qe7 9. Bd6 Bxd6 10. Qxd6 Qd8 11. Qc7 Qe7 12. Be2 a6 13. Nd6 Ne8 14. Nxe8 Rxe8 15.
O-O-O Qc5 16. f3 b5 17. Kb1 Ra7 18. Qd6 Qxd6 19. Rxd6 Rc7 20. a4 b4 21. Na2 Kf8 22.
Nc1 Ke7 23. Rhd1 f6 24. Nb3 Rd8 25. f4 e5 26. fxe5 fxe5 27. Bc4 Rf8 28. R6d3 Rf6
29. Rg3 g6 30. Rh3 h5 31. Rg3 d6 32. Rf1 Rxf1+ 33. Bxf1 Kf6 34. Rf3+ Kg7 35. Rd3
Rf7 36. Be2 Rf6 37. a5 Be6 38. Rxd6 Bxb3 39. Rxf6 Kxf6 40. cxb3 Nxa5 41. Kc2 Nb7
42. Kd3 Nd6 43. g3 a5 44. h4 Kg7 45. Ke3 Kh6 46. Bc4 g5 47. Bf1 g4 48. Ba6 Kg7 49.
Kd3 Kf6 50. Bc4 Ke7 51. Ba6 Kd7 52. Ke3 Kc6 53. Be2 Kc5 54. Ba6 Kb6 55. Be2 Kc5 56.
Ba6 a4 57. bxa4 b3 58. Kd3 Kb4 59. a5 Kxa5 60. Bc4 Kb4 61. Be6 Nb7 62. Bf5 Nc5+ 63.
Kd2 Kc4 64. Bg6 Kd4 65. Bxh5 Nxe4+ 66. Ke1 Nc5 67. Bf7 Nd3+ 68. Ke2 e4 69. h5 Ke5
70. Ke3 Nxb2 71. Bxb3 Nd3 72. Bc2 Nc5 73. h6 Kf6 74. Kd4 Ne6+ 75. Kxe4 Ng5+ 76. Kf4
Nf7 77. h7 Kg7 78. Kxg4 Ne5+ 79. Kf4 Nf7 80. g4 Nd6 81. Ke5 Nf7+ 82. Ke6 Ng5+ 83.
Ke7 Nf7 84. Bf5 Ne5 85. g5 Nf7 86. g6 Nh8 87. Bb1 Nxg6+ 88. Bxg6 Kh8 89. Kf6  1/2-1/2

[Event "Summer Prague Open 2024 - A"]
[Site "Olympik hotel, Sokolovska 138, Praha"]
[Date "2024.08.09"]
[Round "9"]
[Board "16"]
[White "Skypala, Ondrej"]
[Black "Vanden Bussche, Steven"]
[Result "1-0"]
[WhiteElo "2230"]
[BlackElo "2050"]
[PlyCount "0"]
[EventDate "2024.08.02"]
[EventRounds "9"]
[EventCountry "CZE"]

1. c4 c6 2. Nf3 d5 3. g3 Nf6 4. Bg2 Bf5 5. cxd5 Nxd5 6. O-O e6 7. Re1 Nf6 8. Nc3
Nbd7 9. e4 Bg6 10. d4 Be7 11. d5 cxd5 12. exd5 exd5 13. Nxd5 Nxd5 14. Qxd5 O-O 15.
Qxb7 Rb8 16. Qxa7 Bc5 17. Qa6 Re8 18. Bg5 f6 19. Rxe8+ Bxe8 20. Be3 Bxe3 21. Qe6+
Bf7 22. Qxe3 Rxb2 23. Qd4 Rxa2 24. Rxa2 Bxa2 25. Bh3 Qa8 26. Qxd7 Bd5 27. Be6+ Bxe6
28. Qxe6+ Kh8 29. h4 h5 30. Qf5  1-0

[Event "Summer Prague Open 2024 - A"]
[Site "Olympik hotel, Sokolovska 138, Praha"]
[Date "2024.08.09"]
[Round "9"]
[Board "17"]
[White "Jun, Rudolf"]
[Black "Berkes, Alexander"]
[Result "1-0"]
[WhiteElo "2198"]
[BlackElo "2037"]
[PlyCount "0"]
[EventDate "2024.08.02"]
[EventRounds "9"]
[EventCountry "CZE"]

1. e4 e6 2. Qe2 e5 3. g3 Nf6 4. Bg2 Nc6 5. c3 Bc5 6. Nf3 d6 7. h3 O-O 8. b4 Bb6 9.
d3 d5 10. O-O dxe4 11. dxe4 Re8 12. Nbd2 a6 13. Nc4 h6 14. a4 Be6 15. Ba3 Qc8 16.
Kh2 Bxc4 17. Qxc4 Qe6 18. Qxe6 Rxe6 19. Nd2 Rd8 20. Nc4 Rd3 21. Rac1 Ba7 22. b5 axb5
23. axb5 Nb8 24. f3 Nbd7 25. Rfd1 Rxd1 26. Rxd1 Re8 27. h4 Bc5 28. Bh3 Bxa3 29. Bxd7
Rd8 30. Nxe5 Bd6 31. Bf5 Nh5 32. f4 g5 33. Bg4 Nf6 34. Bf3 gxf4 35. gxf4 Re8 36.
b6 Re6 37. Kg3 cxb6 38. Nc4 Bc7 39. e5 Ne8 40. Rd7 f6 41. Bd5  1-0

[Event "Summer Prague Open 2024 - A"]
[Site "Olympik hotel, Sokolovska 138, Praha"]
[Date "2024.08.09"]
[Round "9"]
[Board "18"]
[White "Flajsman, Pavel"]
[Black "Cichon, Bartlomiej"]
[Result "1/2-1/2"]
[WhiteElo "2188"]
[BlackElo "1992"]
[PlyCount "0"]
[EventDate "2024.08.02"]
[EventRounds "9"]
[EventCountry "CZE"]

1. d4 Nf6 2. Nf3 g6 3. Nbd2 Bg7 4. e4 d6 5. Bb5+ c6 6. Bd3 Qc7 7. O-O Nbd7 8. a4
O-O 9. c3 e5 10. dxe5 Nxe5 11. Nxe5 dxe5 12. Qc2 a5 13. b4 Be6 14. Bc4 Rfe8 15. Bxe6
Rxe6 16. Nb3 axb4 17. cxb4 Bf8 18. Bd2 Qb6 19. Qc4 Rd6 20. Be3 Qd8 21. a5 Rd3 22.
Bb6 Qd7 23. Rfe1 Ne8 24. Bc5 Bh6 25. Bb6 Bf8 26. h3 Ng7 27. Bc5 Ne6 28. Bxf8 Kxf8
29. Nc5 Nxc5 30. Qxc5+ Qd6 31. Qxd6+ Rxd6 32. Reb1 Ra7 33. b5 cxb5 34. Rxb5 Rda6
35. Kh2 b6 36. axb6 Rxb6 37. Rxb6 Rxa1 38. Rb5 f6 39. Rb7 h5 40. Kg3 Ra3+ 41. f3
Ra8 42. Kh4 Re8 43. g4 hxg4 44. fxg4 Re7 45. Rb6 Rh7+ 46. Kg3 Rf7 47. h4 Kg7 48.
Re6 Ra7 49. g5 fxg5 50. hxg5 Ra5 51. Kf3 Kf7 52. Rf6+ Kg7 53. Re6 Kf7 54. Rf6+ Kg7
 1/2-1/2

[Event "Summer Prague Open 2024 - A"]
[Site "Olympik hotel, Sokolovska 138, Praha"]
[Date "2024.08.09"]
[Round "9"]
[Board "19"]
[White "Clarke, Connor"]
[Black "Pujari, Rucha"]
[Result "0-1"]
[WhiteElo "2048"]
[BlackElo "2175"]
[PlyCount "0"]
[EventDate "2024.08.02"]
[EventRounds "9"]
[EventCountry "CZE"]

1. d4 d5 2. Bg5 Nf6 3. Nd2 e6 4. e3 Be7 5. Bd3 O-O 6. c3 b6 7. f4 Nbd7 8. Ngf3 Bb7
9. Qc2 c5 10. O-O c4 11. Be2 b5 12. Ne5 Ne4 13. Nxe4 dxe4 14. Bxe7 Qxe7 15. Nxd7
Qxd7 16. g4 f5 17. b3 Bd5 18. bxc4 Bxc4 19. Bxc4 bxc4 20. Rab1 Rab8 21. Rb2 Rxb2
22. Qxb2 fxg4 23. Qb4 Qc7 24. Rb1 h5 25. Qb5 Qb6 26. Rb4 Qxb5 27. Rxb5 g6 28. a4
Rf5 29. Rb8+ Kg7 30. Rb7+ Rf7 31. Rb4 g5 32. fxg5 Rf3 33. Rxc4 Rxe3 34. a5 Kg6 35.
Rc5 h4 36. a6 Re2 37. Re5 h3 38. Rxe6+ Kxg5 39. Re8 e3 40. Rg8+ Kf4 41. Rf8+ Ke4
42. Rf1 Rg2+ 43. Kh1 e2  0-1

[Event "Summer Prague Open 2024 - A"]
[Site "Olympik hotel, Sokolovska 138, Praha"]
[Date "2024.08.09"]
[Round "9"]
[Board "20"]
[White "Kudaibergen, Nurlykhan"]
[Black "Zvolensky, David"]
[Result "1-0"]
[WhiteElo "2041"]
[BlackElo "2167"]
[PlyCount "0"]
[EventDate "2024.08.02"]
[EventRounds "9"]
[EventCountry "CZE"]

1. e4 e5 2. Nf3 Nc6 3. Bc4 Nf6 4. d3 Bc5 5. O-O a6 6. c3 Ba7 7. Re1 d6 8. Nbd2 O-O
9. Nf1 Na5 10. Bb3 Nxb3 11. axb3 h6 12. Ng3 Re8 13. h3 Kh7 14. Be3 Bxe3 15. Rxe3
c5 16. c4 Be6 17. Nh2 Ng8 18. Ng4 g6 19. Rf3 Qg5 20. Ne3 Ne7 21. Nd5 Bxd5 22. cxd5
f5 23. b4 f4 24. Ne2 Qf6 25. bxc5 dxc5 26. Qb3 b5 27. Qc3 Qd6 28. h4 g5 29. hxg5
hxg5 30. Rh3+ Kg7 31. f3 Rh8 32. Kf2 Rxh3 33. gxh3 Ng6 34. Rc1 Rc8 35. d4 b4 36.
dxc5 bxc3 37. cxd6 cxb2 38. Rb1 Rb8 39. d7 a5 40. Rxb2 Rd8 41. Rb7 Kf6 42. Ra7 Ke7
43. Nc3 Rxd7 44. Rxa5 Rc7 45. d6+  1-0

[Event "Summer Prague Open 2024 - A"]
[Site "Olympik hotel, Sokolovska 138, Praha"]
[Date "2024.08.09"]
[Round "9"]
[Board "21"]
[White "Rousek, Jan"]
[Black "Kotal, Vaclav"]
[Result "1/2-1/2"]
[WhiteElo "2034"]
[BlackElo "2151"]
[PlyCount "0"]
[EventDate "2024.08.02"]
[EventRounds "9"]
[EventCountry "CZE"]

1. Nf3 Nf6 2. g3 d5 3. Bg2 c6 4. O-O Bg4 5. Ne5 Bh5 6. d4 Nbd7 7. c4 e6 8. Nxd7 Qxd7
9. cxd5 exd5 10. Nc3 Bd6 11. Bg5 Qf5 12. Bxf6 Qxf6 13. Qd2 O-O 14. e4 Bb4 15. exd5
Rad8 16. a3 Ba5 17. Qf4 Qxf4 18. gxf4 cxd5 19. Rfe1 f6 20. Re7 Bxc3 21. bxc3 Rf7
22. Rxf7 Bxf7 23. Kf1 Rc8 24. Rc1 b6 25. Ke2 Kf8 26. Kd2 Ke7 27. Bf1 Bg6 28. Bh3
Re8 29. f5 Bh5 30. Rg1 Kf8 31. Bg4 Bxg4 32. Rxg4 Re7 33. Rh4 h6 34. Rg4 Ke8 35. Rg3
Kd7  1/2-1/2

[Event "Summer Prague Open 2024 - A"]
[Site "Olympik hotel, Sokolovska 138, Praha"]
[Date "2024.08.09"]
[Round "9"]
[Board "22"]
[White "Pietrzak, Tomasz"]
[Black "Houska, Jiri"]
[Result "1-0"]
[WhiteElo "2013"]
[BlackElo "2138"]
[PlyCount "0"]
[EventDate "2024.08.02"]
[EventRounds "9"]
[EventCountry "CZE"]

1. d4 Nf6 2. c4 g6 3. Nc3 Bg7 4. e4 d6 5. h4 O-O 6. h5 c5 7. h6 Bh8 8. d5 b5 9. cxb5
a6 10. bxa6 Bxa6 11. Bxa6 Rxa6 12. Nf3 Nbd7 13. O-O Qa8 14. Qc2 Ng4 15. a4 Nb6 16.
b3 Rc8 17. Bd2 Ne5 18. Nxe5 Bxe5 19. Ra2 f6 20. Nb5 g5 21. f4 gxf4 22. Qd1 f5 23.
Bxf4 Bf6 24. Bxd6 exd6 25. Rxf5 Nd7 26. Qg4+ Kh8 27. Rxf6 Rg8 28. Qxd7  1-0

[Event "Summer Prague Open 2024 - A"]
[Site "Olympik hotel, Sokolovska 138, Praha"]
[Date "2024.08.09"]
[Round "9"]
[Board "23"]
[White "Patil, Harshal"]
[Black "Cichon, Jakub"]
[Result "1-0"]
[WhiteElo "2130"]
[BlackElo "1979"]
[PlyCount "0"]
[EventDate "2024.08.02"]
[EventRounds "9"]
[EventCountry "CZE"]

1. d4 Nf6 2. g3 d5 3. Bg2 c5 4. dxc5 Nc6 5. Nf3 e5 6. c4 d4 7. Qa4 Bd7 8. b4 e4 9.
Ng5 Qe7 10. b5 h6 11. Nh3 Ne5 12. Ba3 Qe6 13. Nd2 Nf3+ 14. Bxf3 exf3 15. Nf4 Qe5
16. Nxf3 Qe4 17. Rd1 g5 18. Rxd4 Qb1+ 19. Rd1 Qxa2 20. O-O Bxc5 21. Ra1 Qxa3 22.
Rxa3 Bxa3 23. Qxa3 gxf4 24. Qc3 Ke7 25. Qe5+ Be6 26. Nd4 Rhg8 27. Nf5+ Kf8 28. Qd6+
 1-0

[Event "Summer Prague Open 2024 - A"]
[Site "Olympik hotel, Sokolovska 138, Praha"]
[Date "2024.08.09"]
[Round "9"]
[Board "24"]
[White "Heron, Andrew"]
[Black "Ptacnikova, Lenka"]
[Result "0-1"]
[WhiteElo "1973"]
[BlackElo "2086"]
[PlyCount "0"]
[EventDate "2024.08.02"]
[EventRounds "9"]
[EventCountry "CZE"]

1. e4 g6 2. d4 Bg7 3. Nf3 d6 4. Nc3 a6 5. g3 b5 6. Bg2 Bb7 7. a3 Nd7 8. O-O e6 9.
Bg5 Ne7 10. Qd2 h6 11. Be3 Nf6 12. Qd3 O-O 13. h3 Nd7 14. Rad1 Kh7 15. Ne1 e5 16.
f4 exf4 17. Bxf4 Nb6 18. Nf3 Qd7 19. Bc1 Rae8 20. Kh2 Ng8 21. Rde1 c5 22. dxc5 dxc5
23. Qxd7 Nxd7 24. Nd5 Ngf6 25. Nxf6+ Nxf6 26. e5 Nd5 27. c3 Re7 28. Rf2 Rfe8 29.
Rfe2 Kg8 30. h4 Bc8 31. Rd1 Nb6 32. Rd6 Nc4 33. Rc6 Nxe5 34. Nxe5 Bxe5 35. Bf4 Bg4
36. Rxe5 Rxe5 37. Bxe5 Rxe5 38. Rxa6 Re2 39. Kg1 Rxb2 40. a4 bxa4 41. Rxa4 Be6 42.
c4 Rb4 43. Rxb4 cxb4 44. c5 b3 45. c6 b2 46. Be4 Kf8 47. Kf2 Ke7 48. Ke3 Bf5  0-1

[Event "Summer Prague Open 2024 - A"]
[Site "Olympik hotel, Sokolovska 138, Praha"]
[Date "2024.08.09"]
[Round "9"]
[Board "25"]
[White "Galymbek, Alikhan"]
[Black "Toure, Ananth"]
[Result "1/2-1/2"]
[WhiteElo "1970"]
[BlackElo "2073"]
[PlyCount "0"]
[EventDate "2024.08.02"]
[EventRounds "9"]
[EventCountry "CZE"]

1. e4 e5 2. Nf3 Nc6 3. Bc4 Bc5 4. c3 Nf6 5. d3 d6 6. Nbd2 a6 7. a4 Ba7 8. Nf1 Be6
9. Bxe6 fxe6 10. Ng3 O-O 11. O-O d5 12. b4 b5 13. Qb3 Qd6 14. Be3 Bxe3 15. fxe3 Ng4
16. exd5 exd5 17. axb5 axb5 18. Ne4 Qe6 19. Rxa8 Rxa8 20. Nfg5 Qd7 21. Nc5 Qd8 22.
Nce6 Qd6 23. Nxc7 e4 24. g3 Nxe3 25. Nxa8 Nxf1 26. Nxe4 Qd8 27. Kxf1 Kh8 28. Nc5
d4 29. cxd4 Qxa8 30. Qd5 Qf8+ 31. Kg2 Nxb4 32. Qf3 Qd8 33. Ne6 Qd5 34. Nc7 Qa2+ 35.
Kh3 Qg8 36. Nxb5 h6 37. Qf5 Qd8 38. Qe6 Qf8 39. Nd6 Qf1+ 40. Kh4 Qxd3 41. Qe8+ Kh7
42. Qe4+ Qxe4+ 43. Nxe4 Kg6 44. Kg4 Nc2  1/2-1/2

[Event "Summer Prague Open 2024 - A"]
[Site "Olympik hotel, Sokolovska 138, Praha"]
[Date "2024.08.09"]
[Round "9"]
[Board "26"]
[White "Tynyshtyk, Diana"]
[Black "Svacina, Tobias"]
[Result "1-0"]
[WhiteElo "1935"]
[BlackElo "2071"]
[PlyCount "0"]
[EventDate "2024.08.02"]
[EventRounds "9"]
[EventCountry "CZE"]

1. e4 c5 2. Nf3 Nc6 3. d4 cxd4 4. Nxd4 Nf6 5. Nc3 e6 6. Ndb5 Bc5 7. Nd6+ Ke7 8. Bf4
e5 9. Nf5+ Kf8 10. Bg5 d6 11. Bc4 Be6 12. Bb3 h6 13. Bxf6 Qxf6 14. Nd5 Bxd5 15. Qxd5
g6 16. Ne3 Kg7 17. c3 Rhf8 18. h4 Qf4 19. Rh3 Bxe3 20. Rxe3 Qxh4 21. O-O-O Qg5 22.
g3 Rad8 23. Rf1 a6 24. Qd2 f5 25. f4 exf4 26. gxf4 Qh4 27. exf5 Rxf5 28. Bc2 Rf6
29. Qg2 Qh5 30. Rh3 Qc5 31. Rg3 Rdf8 32. Rxg6+ Kh8 33. Rxf6 Qe3+ 34. Kb1 Rxf6 35.
Rg1  1-0